Quizzes
Events
Quiz Creation
Community
Videos
Private Events
Remove Ads
Sign In
Join for FREE
Feedback
Dark Mode
Quiz Categories
Sports
Geography
Music
Movies
Television
Just For Fun
Miscellaneous
History
Literature
Language
Science
Gaming
Entertainment
Religion
Holiday
For Kids
Quiz Lab
Recent
Popular Today
Quiz Kudos Today
Editor Picks
Curator Picks
Quizzes by...
Day
Popularity
Type
Ratings
Length
Year
Community
Subscriptions
Recent Discussions
Orange Saloon
Badges
Playlists
Quests
Create
Leaderboards
Showdown
Live 5
Trivia Bingo
Activity
Puzzle Library
Sporcle Events
Private Events
Virtual Trivia
Globe League
Become a Host
Pub Owners
SporcleCon
Opinionation
Our Games
Videos
Blog
Mobile Apps
Partnerships
Remove Ads and Go Orange
Feedback
Geography
Country
Landmarks
City
State
Population
World
Capital
Continent
Flags
Europe
Africa
Asia
South America
North America
Oceania
Border
Canada
United Kingdom
Topography
United States
Geography
Country
Landmarks
City
State
Population
World
Capital
Continent
Flags
Europe
Africa
Asia
South America
North America
Oceania
Border
Canada
United Kingdom
Topography
United States
Random Quiz
Search Sporcle
×
Quiz Lab
Quiz Lab
Geography
Country
Type in answers that appear in a list
Type in answers that appear in a list
Classic
Best Score? Go Orange.
Territories, Colonies, and Dependencies Stats
Can you name the territories, colonies, and dependencies under the jurisdiction of these countries?
By
jimmydoom
8m
61 Questions
517 Plays
517 Plays
517 Plays
Comments
Comments
Give Quiz Kudos
Give Quiz Kudos
-
- Ratings
hide this ad
More Info
Replay
Link that replays current quiz
Next Quiz
Link to next quiz in quiz playlist
You Got
0%
They Got
Avg Score
54%
Avg Friend Score
Upgrade to see
Score Distribution
Jump to the score distribution portion of the page
Score
0/61
Timer
08:00
0
Plays Today
% Correct
Greenland
94.4%
Aruba
83.9%
Guam
82.5%
Puerto Rico
80.2%
Faroe Islands
77.9%
(US) Virgin Islands
76.7%
Christmas Island
75%
Cook Islands
72.6%
British Virgin Islands
72.4%
Svalbard
71.3%
French Polynesia
70.7%
American Samoa
70.3%
Niue
70.1%
Martinique
69.7%
Bermuda
69.3%
Réunion
68.3%
Falkland Islands
67.6%
New Caledonia
66.8%
Gibraltar
66.8%
French Guiana
66.6%
Guadeloupe
66.4%
Cayman Islands
64.3%
Isle of Man
63.3%
Anguilla
62.3%
Jersey
62.3%
Montserrat
62.1%
Guernsey
61.2%
Turks and Caicos Islands
59.6%
Saint Helena, Ascension and Tristan da Cunha
59%
Cocos (Keeling) Islands
58.8%
Tokelau
58.3%
% Correct
Pitcairn Islands
57.3%
Northern Mariana Islands
57.3%
Mayotte
57.1%
British Indian Ocean Territory
56.3%
Norfolk Island
56.1%
Wallis and Futuna
54.2%
Wake Island
51.5%
Netherlands Antilles
50.7%
Jan Mayen
48.7%
Saint Pierre and Miquelon
47.8%
Bouvet Island
46%
Midway Islands
43.7%
Johnston Atoll
43.3%
South Georgia and the South Sandwich Islands
41.4%
Coral Sea Islands
40.8%
Palmyra Atoll
39.6%
Baker Island
39.2%
Ashmore and Cartier Islands
38.3%
Jarvis Island
38.3%
Howland Island
38.1%
Heard Island and McDonald Islands
37.3%
Clipperton Island
36.7%
Kingman Reef
36.3%
Navassa Island
35.3%
French Southern and Antarctic Lands
33%
Europa Island
15.1%
Tromelin Island
14.2%
Bassas da India
14%
Glorioso Islands
13.8%
Juan de Nova Island
13.2%
Quiz Playlist
Details
Report
Send in Message
Add To Playlist
More Info:
*Data are as of 2005
Classic:
Type in answers that appear in a list
Quiz Source
Last Updated: Feb 16, 2017
Quiz Scoreboard
CHALLENGE
Sign Up to Join the Scoreboard
Show All
Scores
Hide
Comments
May contain spoilers
Recently Published
9x9 Crossword: Cartoon Network
by jackfrog10
Miscellaneous
3m
College Basketball Coaching Resumes
by pancakes188
Sports
9m
Billboard Blitz: Fleetwood Mac
by CooCooCachoo
Music
15s
More to Explore
Quiz From the Vault
Featured Blog Post
Where Did the Easter Bunny Come From?
hide this ad
You Might Also Like...
Tags
Country Quiz
dependencies
Territories Acquired
Territory
Today's Top Quizzes in Geography
Browse Geography
hide this ad
Today's Top Quizzes in Country
Browse Country
Top Contributed Quizzes in Geography
1
Countries of the World - No Outlines Minefield
2
Top 25 Cities of France on a map
3
Any capital of a 'B' country per Continent
4
Any capital of a 'C' country per Continent
5
Closest Countries to UK A-Z
6
Any capital of a 'D' country per Continent
7
5-to-1: US Geography No Hints
8
Any capital of an 'E' country per Continent
9
Find the US States - No Outlines
10
Any capital of an 'F' country per Continent
Explore More
Trending Topics
Disney
Harry Potter
Marvel
Anime
Crossword
Kpop
NBA
Country
WWE
Puzzle
The Office
Pokémon
NFL
Soccer
Song
hide this ad
More By:
jimmydoom
Quiz
Plays
Rating
Category
Featured
Created
Metallica Who Wants to Be a Millionaire
82,586
2.83
Music
Jan 5, 2012
WWF/WWE WrestleMania All-Time Stats and Facts
10,412
4.06
Sports
Dec 5, 2011
Chrono Trigger Who Wants to Be a Millionaire
8,857
3.92
Gaming
Jan 3, 2012
WWF/WWE SummerSlam All-Time Stats and Facts
7,431
4.14
Sports
Dec 6, 2011
WWF/WWE Every Wrestler in Every Survivor Series Title Match
5,432
3.76
Sports
Dec 7, 2011
Go to Creator's Profile
Score Distribution
Quiz Creator Spotlight
jimmydoom
Follow
Send a Message
Quizzes Created
-
Created Quiz Play Count
-
More By This Creator
Popular Quizzes Today
1
Find the US States - No Outlines Minefield
2
Find the Countries of Europe - No Outlines Minefield
3
The Countries of the World
4
Find the US States
5
Risky Map Clicking: Biggest States A-Z
6
US States
7
Popular People in 1961
8
Movies - When Are They Set?
More Geography Quizzes
Geographically Closest European Capitals: A
Published
Trending Quizzes
Risky Map Clicking: Least Populous States A-Z
1-10 Letter G Words
1-10 Letter F Words
Risky Map Clicking: Next State Alphabetically
Adjectives in 80s TV Shows
Recently Updated
Leaping Animals
pecheneg
Reality TV Shows (A-Z)
bhenderson79
Rickey Henderson's Hall of Fame Teammates
pecheneg
Champions League XIs: Arsenal
pecheneg
Quick Pick: Celebrities in WWE's Hall of Fame
aduchscher
A-Z Keypad Blitz II
pecheneg
Multiple Oscar Actors
pecheneg
Mystery Phrase Blitz: Oscar 'Best Actors'
pecheneg
F. Scott Fitzgerald Novels
LTH
Pick 3 Villains
ddd62291
Trending Topics
Harry Potter
Marvel
Anime
Disney
Kpop
NBA
Crossword
Puzzle
The Office
Country
Pokémon
Song
WWE
NFL
Soccer
Your Account Isn't Verified!
In order to create a playlist on Sporcle, you need to verify the email address you used during registration. Go to your
Sporcle Settings
to finish the process.
Report this User
Report this user for behavior that violates our
Community Guidelines
.
Details:
Send Report
Go to the Sporcle.com Mobile Site →
Comments